Výkon rozhodnutia v občianskom súdnom konaní

Od 1.12.1995 nadobudol účinnosť zákon o súdnych exekútoroch a exekučnej činnosti. Výkon rozhodnutia a exekúcia. Občianske súdne konanie.

Na minha lista:
Detalhes bibliográficos
Autor principal: Kravec, J.
Formato: Capítulo de Livro
Idioma:eslovaco
Assuntos:
Tags: Adicionar Tag
Sem tags, seja o primeiro a adicionar uma tag!

MARC

LEADER 00000naa a2200000 4500
001 r023474
005 20230728073801.3
041 0 |a slo 
044 |a SK 
245 1 0 |a Výkon rozhodnutia v občianskom súdnom konaní  |c J. Kravec 
520 |a Od 1.12.1995 nadobudol účinnosť zákon o súdnych exekútoroch a exekučnej činnosti. Výkon rozhodnutia a exekúcia. Občianske súdne konanie. 
610 2 0 |a konanie súdne občianske 
610 2 0 |a výkon rozhodnutia 
610 2 0 |a zákony 
610 2 0 |a Slovensko 
610 2 0 |a 1995 
610 2 0 |a exekúcia 
610 2 0 |a exekútori 
610 2 0 |a novelizácia 
100 1 |a Kravec, J.